Religion Quiz

Random Religion Quiz

Romans 9:20-21 Quiz Stats

Quiz not verified by Sporcle

Challenge
Share
Tweet
Embed
Score 0/54 Timer 03:00
0 Plays Today
Hint Answer % Correct
the
100%
the
100%
the
100%
and
100%
O
66.7%
to
66.7%
to
66.7%
is
66.7%
to
66.7%
to
66.7%
God?
55.6%
it
55.6%
of
55.6%
of
55.6%
for
55.6%
for
55.6%
Romans 9:20But
33.3%
you
33.3%
man
33.3%
Shall
33.3%
what
33.3%
him
33.3%
you
33.3%
me
33.3%
have
33.3%
who
22.2%
are
22.2%
Hint Answer % Correct
talk
22.2%
back
22.2%
formed
22.2%
say
22.2%
who
22.2%
formed
22.2%
why
22.2%
did
22.2%
make
22.2%
like
22.2%
this?
22.2%
Romans 9:21Does
22.2%
not
22.2%
potter
22.2%
right
22.2%
make
22.2%
out
22.2%
same
22.2%
lump
22.2%
clay
22.2%
some
22.2%
pottery
22.2%
purposes
22.2%
some
22.2%
common
22.2%
use?
22.2%
noble
11.1%

You're not logged in!

Compare scores with friends on all Sporcle quizzes.
Join for Free
OR
Log In

You Might Also Like...

Show Comments

Extras

Created Dec 27, 2015ReportNominate
Tags:recite, roman

Top Quizzes Today


Score Distribution

Your Account Isn't Verified!

In order to create a playlist on Sporcle, you need to verify the email address you used during registration. Go to your Sporcle Settings to finish the process.

Report this User

Report this user for behavior that violates our Community Guidelines.

Details: